Statistics for Premier League Players by Number - 4

Click here to take the quiz!

General Stats

  • This quiz has been taken 19 times
  • The average score is 7 of 15

Answer Stats

PositionClubNationPlayer% Correct
DFLiverpoolNetherlandsVirgil Van Dijk
86%
DFChelseaDenmarkAndreas Christensen
79%
DFLeicester CityTurkeyCaglar Soyuncu
71%
DFManchester UnitedEnglandPhil Jones
57%
DFArsenalEnglandBen White
50%
DFTottenham HotspurArgentinaCristian Romero
50%
DFEvertonEnglandMason Holgate
50%
DFBrighton & Hove AlbionEnglandAdam Webster
43%
DFAston VillaEnglandEzri Konsa
43%
MFCrystal PalaceSerbiaLuka Milivojevic
43%
MFBurnleyEnglandJack Cork
36%
MFLeeds UnitedEnglandAdam Forshaw
14%
DFNorwich CityEnglandBen Gibson
14%
DFBrentfordEnglandCharlie Goode
14%
MFWatfordNigeriaPeter Etebo
14%

Score Distribution

Percentile by Number Answered

Percent of People with Each Score

Your Score History

You have not taken this quiz